000 00492nam a2200193Ia 4500
005 20250326124833.0
008 250326s9999 xx 000 0 und d
037 _aTextbook
040 _aFMSL
_beng
_cFMSL
041 _aeng
_2eng
084 _aX:8C L8
_qFMSL
100 _aTracy J A
245 0 _aFundamentals of ficial accounting
_cTracy J A
250 _a2
260 _aNY
_bNY, John Wiley
_c1978
300 _a662p
942 _cTB
_hX:8C L8
999 _c1275440
_d1275440